|
|
|
|
| LEADER |
00000ny a22000003n 4500 |
| 005 |
20110516095151.0 |
| 008 |
070206s19uu9999xx r p s 0 a0eng d |
| 022 |
|
|
|a 0716-5455
|
| 022 |
|
|
|a 0717-6260
|
| 035 |
|
|
|a 5140
|
| 040 |
|
|
|a BUS
|d vLex
|
| 080 |
|
|
|a Derecho , Historia
|
| 090 |
|
|
|c 1914
|d 1914
|
| 245 |
3 |
|
|a Revista de Estudios Histr̤ico-Jurd̕icos
|h [Recurso electrn̤ico]
|
| 256 |
|
|
|a Servicio en ln̕ea
|
| 260 |
|
|
|a [s.l]:
|b Universidad de Valparaiso
|
| 506 |
1 |
|
|a Contenido solo disponible en los productos indicados
|d vLex Global
|d vLex Global (Academic Edition, excluding Law Schools)
|d vLex Global (U.S. Academic Edition, excluding Law Schools)
|
| 650 |
|
|
|a Jurisprudencia
|v Publicaciones perid̤icas
|
| 740 |
|
|
|a vLex Revista (Servicios en ln̕ea)
|
| 843 |
|
|
|a Electrn̤ica. Cerrada
|
| 853 |
|
|
|8 1
|i (year)
|j (month)
|k (day)
|
| 856 |
4 |
0 |
|z Acceso restringido
|u http://vlex.com/account/login_ip?fuente_id=5140
|
| 942 |
|
|
|c REV
|